The best techniques for managing managers. (Record no. 347079)

000 -LEADER
fixed length control field 00626 a2200205 4500
003 - CONTROL NUMBER IDENTIFIER
control field OSt
005 - DATE AND TIME OF LATEST TRANSACTION
control field 20180116182836.0
008 - FIXED-LENGTH DATA ELEMENTS--GENERAL INFORMATION
fixed length control field 160506b xxu||||| |||| 00| 0 eng d
020 ## - INTERNATIONAL STANDARD BOOK NUMBER
International Standard Book Number 8186104399 (unknown binding)
020 ## - INTERNATIONAL STANDARD BOOK NUMBER
International Standard Book Number 9788186104392 (unknown binding)
040 ## - CATALOGING SOURCE
Transcribing agency 0
100 ## - MAIN ENTRY--PERSONAL NAME
Personal name Snape,ED.
245 04 - TITLE STATEMENT
Title The best techniques for managing managers.
Statement of responsibility, etc. Snape,ED.
260 ## - PUBLICATION, DISTRIBUTION, ETC.
Place of publication, distribution, etc. [S.l.] :
Name of publisher, distributor, etc. Beacon Books,
Date of publication, distribution, etc. 1997.
300 ## - PHYSICAL DESCRIPTION
Extent 1 v. (unpaged)
600 ## - SUBJECT ADDED ENTRY--PERSONAL NAME
Personal name Snape,ED.
700 ## - ADDED ENTRY--PERSONAL NAME
Personal name Snape,ED.
856 40 - ELECTRONIC LOCATION AND ACCESS
Materials specified Amazon.com
Uniform Resource Identifier <a href="http://www.amazon.com/exec/obidos/ASIN/8186104399/chopaconline-20">http://www.amazon.com/exec/obidos/ASIN/8186104399/chopaconline-20</a>
942 ## - ADDED ENTRY ELEMENTS (KOHA)
Institution code [OBSOLETE] NBS
Koha item type Book
Call number prefix 658.3 SNA
Source of classification or shelving scheme
Holdings
Withdrawn status Lost status Damaged status Not for loan Permanent Location Current Location Date acquired Total Checkouts Full call number Barcode Date last seen Date last checked out Price effective from Koha item type
        Central Library (CL) Central Library (CL) 08/28/2013 1 658.3 SNA NBS1777 11/23/2017 08/29/2017 08/28/2013 Book
        Central Library (CL) Central Library (CL) 08/28/2013   658.3 SNA NBS1776 08/28/2013   08/28/2013 Book
© 2023 Central Library, National University of Sciences and Technology. All Rights Reserved.